La noche americana
Una película que va a rodarse comienza con la llegada de los actores y los miembros del equipo técnico, pero pronto el rodaje tropieza con una serie de dificultades que afectan tanto a los miembros del equipo como a la propia película.
Guardado en:
| Autor Principal: | |
|---|---|
| Autor Corporativo: | |
| Otros Autores: | , |
| Formato: | |
| Idioma: | Undetermined |
| Publicado: |
Francia,
1973.
|
| Materias: | |
| Etiquetas: |
Agregar Etiqueta
Sin Etiquetas, Sea el primero en etiquetar este registro!
|
| LEADER | 01087ngm a22002295a 4500 | ||
|---|---|---|---|
| 001 | CEM.cems021000 | ||
| 008 | 240409s1973####xx#---############vlund#d | ||
| 005 | 20240409172038.0 | ||
| 245 | 1 | 0 | |a La noche americana |h [videograbación] / |c François Truffaut. |
| 260 | |a Francia, |c 1973. | ||
| 300 | |a 116'. | ||
| 520 | |a Una película que va a rodarse comienza con la llegada de los actores y los miembros del equipo técnico, pero pronto el rodaje tropieza con una serie de dificultades que afectan tanto a los miembros del equipo como a la propia película. | ||
| 590 | |a Identificación anterior: 412 | ||
| 538 | |a Soporte: DVD - Formato: AVI - Peso:1.85 gb - Resolución: 720 x 432 - 23.98fps - | ||
| 500 | |a Título original: La Nuit américaine - Idioma original: Francés - Subtítulos: Español. | ||
| 100 | 1 | |a Truffaut, François. | |
| 700 | 1 | |a Bisset, Jacqueline; Reparto. | |
| 700 | 1 | |a Cortese, Valentina; Reparto. | |
| 710 | 2 | |a Les Films du Carrosse,. | |
| 653 | |a LARGOMETRAJE | ||
| 653 | |a FICCIÓN | ||
| 859 | |a CEMS |b BIB. CEMS - Depto. Recursos Didacticos |h 778.5 |i TRU-3 |k DRD |p 3346.24 |t Ej.1 | ||
